000 00582nam a2200181Ia 4500
008 100920s9999 xx 000 0 und d
082 _b102515
_a891.463.1 न 07
100 _aदिक्षति कमलाकर.
245 _aनामदारनामा.
260 _bअंतरकर आनंद अनंत, पुणे.
_c2007
300 _a295
_bसाधी
365 _b240
520 _aलघुकथा.
630 _aनामदारनामा.
650 _aलघुकथा.
730 _aनामदारनामा.
942 _cBOOK
999 _c742947
_d742944